000
00238nam a2200097Ia 4500
008
190216s9999||||xx |||||||||||||| ||und||
100
_a
Starling Sg
245
0
_a
Mechanical Properties Of Matter
260
_b
Magmillan &co Ltd
942
_c
BK
999
_c
32665
_d
32665